Normal view
MARC view
- Law
Entry Topical Term
001 - CONTROL NUMBER
- control field: 4292
003 - CONTROL NUMBER IDENTIFIER
- control field: OSt
005 - DATE AND TIME OF LATEST TRANSACTION
- control field: 20211017105306.0
008 - FIXED-LENGTH DATA ELEMENTS
- fixed length control field: 211017|| aca||aabn | a|a d
040 ## - CATALOGING SOURCE
- Original cataloging agency: OSt
- Transcribing agency: OSt
150 ## - HEADING--TOPICAL TERM
- Topical term or geographic name entry element: Law
670 ## - SOURCE DATA FOUND
- Source citation: Work cat.: (OSt)3189: Bowett, D.W. 4291, The Law of International Institutions/, c2001
